[Event "EU Small Countries ol 8th"]
[Site "St Helier"]
[Date "2023.11.03"]
[Round "8.4"]
[White "Bourg, Nicolas"]
[Black "Morgan, Jamie"]
[Result "1-0"]
[WhiteElo "2053"]
[BlackElo "1774"]
[PlyCount "53"]
[EventDate "2023.10.29"]
[EventType "team-tourn"]
[EventRounds "9"]
[EventCountry "GCI"]
[SourceTitle "Mega2024 Update 01"]
[Source "Chessbase"]
[SourceDate "2023.11.12"]
[SourceVersion "1"]
[SourceVersionDate "2023.11.12"]
[SourceQuality "1"]
[WhiteTeam "Luxembourg"]
[BlackTeam "Guernsey"]
[WhiteTeamCountry "LUX"]
[BlackTeamCountry "GCI"]

1. e4 c5 2. Nf3 g6 3. c4 Nc6 4. d4 cxd4 5. Nxd4 Nf6 6. Nc3 d6 7. Be2 Nxd4 8. Qxd4 Bg7 9. Be3 0-0 10. Qd2 a5 11. 0-0 a4 12. a3 Qa5 13. h3 Be6 14. Rac1 Rfc8 15. Nd5 Qxd2 16. Bxd2 Bxd5 17. exd5 Ne4 18. Rc2 b5 19. Bc3 Nxc3 20. bxc3 bxc4 21. Rb1 Rab8 22. Rb4 Ra8 23. Bxc4 Rc5 24. Bb5 Bxc3 25. Rxa4 Rxa4 26. Bxa4 Bb4 27. axb4 1-0

[Event "EU Small Countries blitz op 8th"]
[Site "St Helier"]
[Date "2023.11.02"]
[Round "1"]
[White "Bourg, Nicolas"]
[Black "Weber, Gus"]
[Result "1-0"]
[WhiteElo "2038"]
[BlackElo "1527"]
[PlyCount "31"]
[EventDate "2023.11.02"]
[EventType "swiss (blitz)"]
[EventRounds "11"]
[EventCountry "GCI"]
[SourceTitle "CB46_2023"]
[SourceDate "2023.11.15"]
[SourceVersion "1"]
[SourceVersionDate "2023.11.15"]
[SourceQuality "1"]

1. e4 e5 2. Nf3 Nc6 3. Bc4 Nf6 4. c3 Bc5 5. 0-0 d6 6. d4 exd4 7. cxd4 Bb6 8. Nc3 0-0 9. Bg5 Re8 10. Qd3 h6 11. Bh4 Nb4 12. Qe3 Nc2 13. Qd2 Nxa1 14. Nd5 g5 15. Bxg5 hxg5 16. Qxg5+ 1-0

[Event "EU Small Countries ol 8th"]
[Site "St Helier"]
[Date "2023.10.31"]
[Round "4.4"]
[White "Bourg, Nicolas"]
[Black "Leardini, Mirko"]
[Result "1-0"]
[WhiteElo "2053"]
[BlackElo "1587"]
[PlyCount "81"]
[EventDate "2023.10.29"]
[EventType "team-tourn"]
[EventRounds "9"]
[EventCountry "GCI"]
[SourceTitle "Mega2024 Update 01"]
[Source "Chessbase"]
[SourceDate "2023.11.12"]
[SourceVersion "1"]
[SourceVersionDate "2023.11.12"]
[SourceQuality "1"]
[WhiteTeam "Luxembourg"]
[BlackTeam "San Marino"]
[WhiteTeamCountry "LUX"]
[BlackTeamCountry "SMR"]

1. e4 c5 2. Nf3 Nc6 3. d4 cxd4 4. Nxd4 e5 5. Nb5 d6 6. N1c3 a6 7. Na3 b5 8. Nd5 Nge7 9. Bg5 h6 10. Qh5 Be6 11. 0-0-0 Bxd5 12. exd5 g6 13. Qh4 Bg7 14. Be3 Nb8 15. g4 Nd7 16. Qg3 Nf6 17. Bg2 Qc7 18. f4 e4 19. g5 Nf5 20. gxf6 Nxg3 21. fxg7 Ne2+ 22. Kd2 Rg8 23. c3 Nxc3 24. bxc3 Rxg7 25. Bd4 Rg8 26. Bxe4 f5 27. Bf3 Qa5 28. Nc2 Qxa2 29. Ra1 Qc4 30. Nb4 a5 31. Nc6 Kf7 32. Rhb1 Rge8 33. Nxa5 Qc7 34. Nc6 Ra4 35. Bd1 Rxd4+ 36. cxd4 Qb6 37. Ra5 Rb8 38. Be2 b4 39. Ra6 Qc7 40. Ra7 Rb7 41. Rxb7 1-0

[Event "EU-ch Online U12"]
[Site "Tornelo INT"]
[Date "2020.09.20"]
[Round "8"]
[White "Bialiauski, Artsiom"]
[Black "Bourg, Nicolas"]
[Result "1-0"]
[WhiteElo "1860"]
[BlackElo "1548"]
[PlyCount "105"]
[EventDate "2020.09.18"]
[EventType "swiss (rapid)"]
[EventRounds "9"]
[EventCountry "NET"]
[SourceTitle "EXT 2023"]
[Source "ChessBase"]
[SourceDate "2022.10.05"]
[SourceVersion "1"]
[SourceVersionDate "2022.10.05"]
[SourceQuality "1"]
[WhiteTeam "Belarus"]
[BlackTeam "Luxembourg"]
[WhiteTeamCountry "BLR"]
[BlackTeamCountry "LUX"]

1. d4 Nf6 2. Nf3 e6 3. Bf4 c5 4. e3 Nc6 5. c3 b6 6. Nbd2 Bb7 7. Bd3 d5 8. Bb5 a6 9. Bxc6+ Bxc6 10. Ne5 Bb5 11. a4 Bd7 12. 0-0 Be7 13. Bg5 h6 14. Bh4 0-0 15. f4 Nh7 16. Bxe7 Qxe7 17. Ndf3 Be8 18. Qe1 f6 19. Nd3 Bg6 20. Qe2 c4 21. Nf2 Rfb8 22. e4 Qd7 23. f5 exf5 24. Nh4 Nf8 25. Nxg6 Nxg6 26. Qh5 Ne7 27. e5 fxe5 28. dxe5 Qe8 29. Qf3 Qd7 30. Nh3 g5 31. Qh5 Qe6 32. Rae1 Kg7 33. Kh1 Qg6 34. Qe2 Qe6 35. Ng1 g4 36. Qf2 Rf8 37. Ne2 Ng6 38. Nd4 Qc8 39. Nxf5+ Kh7 40. e6 Ne7 41. Qc2 Nxf5 42. Rxf5 Kg7 43. Qf2 Qe8 44. e7 Rf7 45. Qd4+ Kh7 46. Qxd5 Kg7 47. Rxf7+ Qxf7 48. Qxa8 Qf2 49. e8Q Qf7 50. Re7 Qxe7 51. Qxe7+ Kg6 52. Qc6+ Kh5 53. Qce8# 1-0

[Event "EU-ch Online U12"]
[Site "Tornelo INT"]
[Date "2020.09.19"]
[Round "4"]
[White "Bourg, Nicolas"]
[Black "Hald Falkesgaard, Jeppe"]
[Result "1-0"]
[WhiteElo "1548"]
[BlackElo "1974"]
[PlyCount "81"]
[EventDate "2020.09.18"]
[EventType "swiss (rapid)"]
[EventRounds "9"]
[EventCountry "NET"]
[SourceTitle "EXT 2023"]
[Source "ChessBase"]
[SourceDate "2022.10.05"]
[SourceVersion "1"]
[SourceVersionDate "2022.10.05"]
[SourceQuality "1"]
[WhiteTeam "Luxembourg"]
[BlackTeam "Denmark"]
[WhiteTeamCountry "LUX"]
[BlackTeamCountry "DEN"]

1. e4 c5 2. Nf3 e6 3. d4 cxd4 4. Nxd4 Nc6 5. c3 a6 6. Nxc6 bxc6 7. b3 d5 8. e5 Qc7 9. f4 Bc5 10. Bd3 Ne7 11. Nd2 Bb7 12. Nf3 Rd8 13. Qe2 a5 14. Be3 Bxe3 15. Qxe3 c5 16. Rc1 Qb6 17. 0-0 Nf5 18. Qf2 Bc6 19. g4 Ne7 20. f5 exf5 21. gxf5 d4 22. f6 gxf6 23. exf6 Nd5 24. Rfe1+ Kf8 25. Qh4 h6 26. Re7 Ne3 27. Ne5 Be8 28. cxd4 Rxd4 29. Qxd4 Rg8+ 30. Ng6+ Rxg6+ 31. Bxg6 cxd4 32. Rxf7+ Kg8 33. Rc8 Qb5 34. Rg7+ Kf8 35. Rxe8+ Qxe8 36. Bxe8 Kxe8 37. Kf2 Nd5 38. f7+ Kf8 39. Rh7 d3 40. Rxh6 Nc3 41. Ke3 1-0

[Event "EU-ch Online U12"]
[Site "Tornelo INT"]
[Date "2020.09.18"]
[Round "2"]
[White "Bourg, Nicolas"]
[Black "Kalin, Andrei"]
[Result "1-0"]
[WhiteElo "1548"]
[BlackElo "1269"]
[PlyCount "51"]
[EventDate "2020.09.18"]
[EventType "swiss (rapid)"]
[EventRounds "9"]
[EventCountry "NET"]
[SourceTitle "EXT 2023"]
[Source "ChessBase"]
[SourceDate "2022.10.05"]
[SourceVersion "1"]
[SourceVersionDate "2022.10.05"]
[SourceQuality "1"]
[WhiteTeam "Luxembourg"]
[BlackTeam "Macedonia"]
[WhiteTeamCountry "LUX"]
[BlackTeamCountry "MKD"]

1. e4 c5 2. Nf3 d6 3. d4 cxd4 4. Nxd4 Nf6 5. Nc3 Nc6 6. f3 e5 7. Ndb5 a6 8. Na3 b5 9. Be3 b4 10. Nd5 Nxe4 11. Bb6 Qh4+ 12. g3 Nxg3 13. Bf2 bxa3 14. Nc7+ Kd7 15. Nxa8 Qb4+ 16. c3 Qxb2 17. hxg3 Qxc3+ 18. Ke2 Qb2+ 19. Ke1 Qc3+ 20. Ke2 Qb2+ 21. Ke3 Qc3+ 22. Bd3 Nd4 23. Nb6+ Ke8 24. Rc1 Nf5+ 25. Ke2 Qb2+ 26. Rc2 1-0

[Event "EU-ch Online U12"]
[Site "Tornelo INT"]
[Date "2020.09.18"]
[Round "1"]
[White "Cherniaiev, Tykhon"]
[Black "Bourg, Nicolas"]
[Result "1-0"]
[WhiteElo "2219"]
[BlackElo "1548"]
[PlyCount "101"]
[EventDate "2020.09.18"]
[EventType "swiss (rapid)"]
[EventRounds "9"]
[EventCountry "NET"]
[SourceTitle "EXT 2023"]
[Source "ChessBase"]
[SourceDate "2022.10.05"]
[SourceVersion "1"]
[SourceVersionDate "2022.10.05"]
[SourceQuality "1"]
[WhiteTeam "Ukraine"]
[BlackTeam "Luxembourg"]
[WhiteTeamCountry "UKR"]
[BlackTeamCountry "LUX"]

1. d4 Nf6 2. c4 e6 3. Nf3 b6 4. g3 Bb7 5. Bg2 Be7 6. 0-0 0-0 7. Nc3 d5 8. cxd5 Nxd5 9. Nxd5 Bxd5 10. Qc2 Nc6 11. e4 Nb4 12. Qb1 Bc4 13. Rd1 c5 14. a3 Nc6 15. d5 Na5 16. d6 Nb3 17. Bf4 Nxa1 18. dxe7 Qxe7 19. Bd6 Qb7 20. Bxf8 Bb3 21. Rd2 Nc2 22. Bd6 Rd8 23. Be5 Qe7 24. Bc3 b5 25. Rxd8+ Qxd8 26. Nd2 c4 27. Nxb3 cxb3 28. Bf3 a5 29. Qd1 Qc7 30. Be5 Qc8 31. Qd2 f6 32. Bc3 b4 33. axb4 a4 34. Bd1 a3 35. bxa3 Nxa3 36. Bxb3 Nb1 37. Qd6 Kf7 38. Bb2 Qe8 39. Qd3 Qb5 40. Qxb5 Nd2 41. Qd7+ Kg6 42. Bxe6 Nf3+ 43. Kh1 Ng5 44. Bf5+ Kh6 45. Bc1 g6 46. h4 gxf5 47. exf5 Kh5 48. hxg5 fxg5 49. f3 Kh6 50. b5 Kh5 51. Qxh7# 1-0